Countries of the World by GDP Per Capita - Statistics

General Stats
  • This quiz has been taken 273 times
  • The average score is 88 of 193
Answer Stats
Rank Location GDP Per Capita Country Name % Correct
1 West Europe $190,534 Monaco
98%
3 Middle East $128,647 Qatar
97%
2 Central Europe $171,835 Liechtenstein
91%
4 Western Europe $107,641 Luxembourg
90%
5 Southeast Asia $94,105 Singapore
90%
12 Northern Europe $62,183 Norway
89%
10 Central Europe $66,037 Switzerland
88%
13 North America $59,928 United States
88%
14 Northern Europe $55,322 Iceland
87%
9 Middle East $72,096 Kuwait
87%
8 Middle East $74,035 United Arab Emirates
87%
6 Southeast Asia $79,003 Brunei
86%
16 Northern Europe $54,356 Denmark
86%
7 Western Europe $76,745 Ireland
86%
21 Oceania $49,378 Australia
85%
18 Central Europe $53,879 Austria
84%
24 North America $46,510 Canada
84%
25 Northern Europe $46,344 Finland
84%
11 Southern Europe $63,549 San Marino
84%
17 Middle East $53,893 Saudi Arabia
84%
20 Northern Europe $51,405 Sweden
84%
19 Central Europe $52,556 Germany
83%
15 Western Europe $54,422 Netherlands
83%
23 Middle East $47,708 Bahrain
82%
22 Western Europe $49,367 Belgium
82%
28 East Asia $42,067 Japan
82%
26 Western Europe $44,920 United Kingdom
81%
27 Western Europe $44,033 France
80%
35 Middle East $38,868 Israel
76%
31 Southern Europe $40,924 Italy
76%
36 East Asia $38,824 South Korea
75%
37 Central Europe $38,020 Czech Republic
74%
32 Southern Europe $40,797 Malta
74%
30 Middle East $41,331 Oman
74%
38 Central Europe $36,387 Slovenia
72%
34 Southern Europe $39,037 Spain
72%
29 Southern Europe $41,792 Andorra
70%
40 Eastern Europe $33,448 Estonia
70%
41 Eastern Europe $33,253 Lithuania
69%
33 Polynesia $40,748 New Zealand
68%
43 Central Europe $32,371 Slovakia
67%
46 Central Europe $29,924 Poland
65%
42 Southern Europe $32,554 Portugal
65%
58 South America $24,747 Chile
62%
45 North America $30,495 Bahamas
61%
56 Balkans $26,296 Croatia
61%
51 Balkans $28,583 Greece
61%
55 Central Asia $26,491 Kazakhstan
61%
59 Central America $24,521 Panama
61%
67 South America $20,829 Argentina
60%
65 Balkans $20,948 Bulgaria
60%
49 Central Europe $28,799 Hungary
60%
52 Eastern Europe $28,362 Latvia
60%
47 Southeast Asia $29,511 Malaysia
60%
54 Balkans $26,660 Romania
60%
57 Eastern Europe $25,763 Russia
60%
44 Caribbean $31,645 Trinidad and Tobago
60%
62 South America $22,610 Uruguay
60%
39 Middle East $36,012 Cyprus
59%
48 East Africa $29,328 Seychelles
58%
53 Middle East $28,002 Turkey
57%
69 Balkans $19,355 Montenegro
56%
70 Eastern Europe $18,896 Belarus
55%
68 North Africa $19,673 Libya
53%
63 East Africa $22,356 Mauritius
53%
50 Caribbean $28,636 Saint Kitts and Nevis
53%
66 Middle East $20,885 Iran
52%
75 Southeast Asia $17,910 Thailand
52%
86 North Africa $15,293 Algeria
51%
61 Caribbean $23,522 Antigua and Barbuda
51%
84 South America $15,553 Brazil
51%
80 East Asia $16,842 China
51%
77 Central America $17,110 Costa Rica
51%
71 North America $18,656 Mexico
51%
74 Central Asia $18,031 Turkmenistan
51%
99 Balkans $12,943 Albania
50%
76 Western Asia $17,450 Azerbaijan
50%
72 Caribbean $18,559 Barbados
50%
97 Balkans $13,108 Bosnia and Herzegovina
50%
78 Southern Africa $17,024 Botswana
50%
64 Caribbean $21,016 Cuba
50%
60 Central Africa $24,439 Equatorial Guinea
50%
81 South Asia $16,688 Maldives
50%
87 Balkans $15,290 North Macedonia
50%
95 South America $13,463 Peru
50%
85 Balkans $15,432 Serbia
50%
88 South America $15,191 Suriname
50%
92 South America $14,503 Colombia
49%
96 South America $13,109 Paraguay
49%
73 Central Africa $18,113 Gabon
48%
79 Middle East $16,935 Iraq
48%
91 Middle East $14,513 Lebanon
47%
103 North Africa $11,936 Tunisia
47%
83 South America $16,056 Venezuela
47%
82 Caribbean $16,064 Dominican Republic
46%
94 Southern Africa $13,526 South Africa
46%
98 East Asia $12,946 Mongolia
45%
93 Caribbean $13,986 Saint Lucia
45%
101 South Asia $12,863 Sri Lanka
45%
89 Caribbean $15,156 Grenada
43%
102 Southeast Asia $12,310 Indonesia
43%
90 Micronesia $14,854 Palau
42%
105 South America $11,612 Ecuador
41%
100 Micronesia $12,896 Nauru
39%
123 South America $7,576 Bolivia
38%
120 South America $8,180 Guyana
38%
115 Eastern Europe $8,699 Ukraine
38%
110 Western Asia $9,668 Armenia
37%
107 Western Asia $10,674 Georgia
37%
122 Central America $8,023 El Salvador
36%
121 Central America $8,168 Guatemala
36%
125 South Asia $7,166 India
36%
126 Southeast Asia $7,038 Laos
36%
108 Southern Africa $10,471 Namibia
36%
116 Southern Africa $8,659 Eswatini
35%
117 Central America $8,525 Belize
34%
112 South Asia $9,392 Bhutan
34%
136 Eastern Europe $5,711 Moldova
34%
135 Central America $5,855 Nicaragua
34%
119 North Africa $8,225 Morocco
33%
109 Caribbean $10,037 Dominica
32%
114 Caribbean $9,066 Jamaica
32%
128 Central Asia $6,880 Uzbekistan
32%
129 Southeast Asia $6,790 Vietnam
32%
124 Southeast Asia $7,228 East Timor
31%
137 South Asia $5,539 Pakistan
31%
118 Southeast Asia $8,361 Philippines
31%
147 Southeast Asia $4,018 Cambodia
30%
111 Melanesia $9,575 Fiji
30%
140 Central America $4,997 Honduras
30%
113 Middle East $9,173 Jordan
30%
132 Southeast Asia $6,174 Myanmar
30%
142 Middle East $4,831 Syria
30%
193 Central Africa $727 Central African Republic
29%
131 Polynesia $6,641 Samoa
29%
141 North Africa $4,914 Sudan
29%
133 Polynesia $5,969 Tonga
29%
151 South Asia $3,877 Bangladesh
28%
127 West Africa $6,913 Cape Verde
28%
106 Middle East $11,608 Egypt
27%
152 Central Asia $3,735 Kyrgyzstan
26%
144 Micronesia $4,247 Marshall Islands
26%
130 Central Africa $6,658 Angola
25%
145 Melanesia $4,208 Papua New Guinea
24%
139 Central Africa $5,454 Republic of the Congo
24%
150 Polynesia $3,933 Tuvalu
24%
138 East Africa $5,537 Djibouti
23%
190 Central Africa $889 Democratic Republic of the Congo
22%
143 West Africa $4,502 Ghana
22%
191 East Africa $829 Somalia
22%
161 Southern Africa $2,932 Lesotho
21%
163 South Asia $2,702 Nepal
21%
134 West Africa $5,887 Nigeria
21%
148 West Africa $3,958 Mauritania
20%
159 Central Asia $3,202 Tajikistan
20%
164 Middle East $2,606 Yemen
20%
172 South Asia $1,976 Afghanistan
19%
192 East Africa $735 Burundi
19%
153 Central Africa $3,722 Cameroon
19%
154 Micronesia $3,701 Federated States of Micronesia
19%
170 Micronesia $2,185 Kiribati
19%
178 Caribbean $1,819 Haiti
18%
149 West Africa $3,945 Ivory Coast
18%
157 East Africa $3,292 Kenya
18%
189 West Africa $1,019 Niger
18%
160 East Africa $2,948 Tanzania
18%
158 Melanesia $3,215 Vanuatu
18%
171 East Africa $2,043 Rwanda
17%
146 East Africa $4,033 Zambia
17%
173 Central Africa $1,945 Chad
16%
155 West Africa $3,458 Senegal
16%
166 Melanesia $2,427 Solomon Islands
16%
167 West Africa $2,276 Benin
15%
184 East Africa $1,537 Eritrea
15%
174 East Africa $1,903 Ethiopia
15%
169 West Africa $2,218 Mali
15%
156 Central Africa $3,359 São Tomé and Príncipe
15%
162 East Africa $2,751 Comoros
14%
168 West Africa $2,247 Guinea
14%
188 East Africa $1,205 Malawi
14%
187 East Africa $1,250 Mozambique
14%
177 East Asia $1,853 North Korea
14%
186 West Africa $1,285 Liberia
13%
175 East Africa $1,868 Uganda
13%
165 East Africa $2,434 Zimbabwe
13%
183 East Africa $1,558 Madagascar
12%
104 Caribbean $11,769 Saint Vincent and Grenadines
12%
185 West Africa $1,530 Sierra Leone
12%
181 East Africa $1,678 South Sudan
12%
176 West Africa $1,866 Burkina Faso
11%
180 West Africa $1,699 Gambia
11%
182 West Africa $1,663 Togo
11%
179 West Africa $1,704 Guinea-Bissau
10%
No matching quizzes found
Score Distribution
Percent of People with Each Score
Percentile by Number Answered
Your Score History
You have not taken this quiz